ASOIAF Namechain Dorne Quiz Stats

 Plays Quiz not verified by Sporcle

Support Sporcle.
Go Orange.
Score 0/20 Timer 03:00
0 Plays Today
Hint Character % Correct
????
100%
????
93.6%
????
92.8%
????
92.2%
????
90.6%
????
88.8%
????
88.8%
????
75.4%
????
74.9%
????
58.8%
Hint Character % Correct
????
50.8%
????
50.5%
????
45.7%
????
40.1%
????
35%
????
34.2%
????
33.7%
????
33.7%
????
26.2%
????
24.9%

You're not logged in!

Compare scores with friends on all Sporcle quizzes.
OR
Log In

From the Vault

Dopey Disney

by Hejman

Never pause a Disney film.
Remove Ads.
Support Sporcle.
Get the best of Sporcle when you Go Orange. This ad-free experience offers more features, more stats, and more fun while also helping to support Sporcle. Thank you for becoming a member.

Show Comments

Extras

Top Quizzes Today


Score Distribution

Your Account Isn't Verified!

In order to create a playlist on Sporcle, you need to verify the email address you used during registration. Go to your Sporcle Settings to finish the process.

Report this User

Report this user for behavior that violates our Community Guidelines.

Details: